000 01370nam a2200337 a 4500
001 ebr10601588
003 CaPaEBR
006 m u
007 cr cn|||||||||
008 120917s2012 gw a sb 000 0 eng d
020 _z9783631630068
020 _z9783653013665 (e-book)
040 _aCaPaEBR
_cCaPaEBR
035 _a(OCoLC)815476220
050 1 4 _aB105.M4
_bK79 2012eb
100 1 _aKrzeszowski, Tomasz Pawel.
245 1 0 _aMeaning
_h[electronic resource] /
_cTomasz Pawel Krzeszowski.
260 _aFrankfurt am Main :
_bPeter Lang,
_c2012.
300 _a257 p. :
_bill.
490 1 _aWarsaw studies in English language and literature,
_x2082-7350 ;
_vv. 7
490 1 _aMeaning and translation ;
_vpt. 1
504 _aIncludes bibliographical references.
533 _aElectronic reproduction.
_bPalo Alto, Calif. :
_cebrary,
_d2011.
_nAvailable via World Wide Web.
_nAccess may be limited to ebrary affiliated libraries.
650 0 _aMeaning (Philosophy)
650 0 _aLanguage and languages
_xPhilosophy.
650 0 _aSemantics (Philosophy)
655 7 _aElectronic books.
_2local
710 2 _aebrary, Inc.
830 0 _aWarsaw studies in English language and literature (Verlag Peter Lang) ;
_vv. 7.
856 4 0 _uhttp://site.ebrary.com/lib/rucke/Doc?id=10601588
_zAn electronic book accessible through the World Wide Web; click to view
999 _c98217
_d98217